Statystyki dla Rozpoznaj Producentów gier

Kliknij tutaj aby rozwiązać quiz!

Ogólne statystyki

  • Ten quiz został rozwiązany 511 razy
    (448 od ostatniego zresetowania)
  • Średni wynik to 9 z 31

Statystyki odpowiedzi

GryProducent% Poprawnych
Farcry, Assasin's creedUbisoft
87%
Half-Life, Counter-StrikeValve Corporation
78%
MinecraftMojang AB
74%
Wiedźmin, CyberpunkCD Projekt Red
72%
Fallout, The Elder ScrollsBethesda Softworks
59%
Need For Speed, BattlefieldElectronic Arts
54%
Fortnite, Unreal TournamentEpic Games
53%
League of LegendsRiot Games
50%
Pro Evolution Soccer, Metal GearKonami
46%
Dead Island, Dying LightTechland
46%
Overwatch, HearthstoneBlizzard Entertainment
45%
Grand Theft Auto, Red Dead RedemtionRockstar North
38%
Call of Duty, DestinyActivision
34%
Super Mario Bross, The Legend of ZeldaNintendo
34%
Europa Universalis, Hearts of IronParadox Interactive
18%
Resident Evil, Monster HunterCapcom
17%
Anthem, Mass EffectBioWare
16%
Euro Truck Simulator, American Truck SimulatorSCS Software
15%
Final Fantasy, Tomb RiderSquare Enix
13%
Doom, Rageid Software
12%
Pac-Man, PongBandai Namco Entertainment / Atari
11%
F1, Dirt, GridCodemasters
11%
Farming SimulatorGiants Software
10%
WormsTeam17
9%
Titanfall, Apex LegendsRespawn Entertainment
8%
Mortal Kombat, InjusticeNetherRealm Studios
5%
Arma, DayzBohemia Interactive
4%
HaloBungie
4%
Borderlands, BattlebornGearbox Software
4%
BioShock2K Games
3%
Saints Row, Red FactionVolition
3%

Rozkład punktacji

Percentyl według liczby udzielonych odpowiedzi

Procent ludzi z każdym wynikiem

Twoja historia wyników

Nie rozwiązałeś tego quizu od ostatniego zresetowania